NFL Pro Bowl Defensive Tackles 1980s - Statistics

General Stats
  • This quiz has been taken 3 times
  • The average score is 9 of 53
Answer Stats
Year Team Player % Correct
1985 Cowboys Randy White
100%
1984 Cowboys Randy White
100%
1983 Cowboys Randy White
100%
1982 Cowboys Randy White
100%
1981 Cowboys Randy White
100%
1980 Cowboys Randy White
100%
1981 Eagles Charlie Johnson
50%
1980 Eagles Charlie Johnson
50%
1982 Chargers Gary Johnson
50%
1981 Chargers Gary Johnson
50%
1980 Chargers Gary Johnson
50%
1986 Eagles Reggie White
50%
1987 Chiefs Bill Maas
0%
1986 Chiefs Bill Maas
0%
1984 Dolphins Bob Baumhower
0%
1983 Dolphins Bob Baumhower
0%
1982 Dolphins Bob Baumhower
0%
1981 Dolphins Bob Baumhower
0%
1987 Browns Bob Golic
0%
1986 Browns Bob Golic
0%
1985 Browns Bob Golic
0%
1988 Dolphins Brian Sochia
0%
1985 Bears Dan Hampton
0%
1984 Bears Dan Hampton
0%
1982 Bears Dan Hampton
0%
1983 Redskins Dave Butz
0%
1983 Lions Doug English
0%
1982 Lions Doug English
0%
1981 Lions Doug English
0%
1988 Bills Fred Smerlas
0%
1983 Bills Fred Smerlas
0%
1982 Bills Fred Smerlas
0%
1981 Bills Fred Smerlas
0%
1980 Bills Fred Smerlas
0%
1989 Broncos Greg Kragen
0%
1989 Lions Jerry Ball
0%
1986 Giants Jim Burt
0%
1985 Jets Joe Klecko
0%
1984 Jets Joe Klecko
0%
1983 Jets Joe Klecko
0%
1984 Seahawks Joe Nash
0%
1989 Vikings Keith Millard
0%
1988 Vikings Keith Millard
0%
1980 Rams Larry Brooks
0%
1980 Chargers Louie Kelcher
0%
1988 49ers Michael Carter
0%
1987 49ers Michael Carter
0%
1985 49ers Michael Carter
0%
1989 Browns Michael Dean Perry
0%
1987 Bears Steve McMichael
0%
1986 Bears Steve McMichael
0%
1988 Bengals Tim Krumrie
0%
1987 Bengals Tim Krumrie
0%
No matching quizzes found
Score Distribution
Percent of People with Each Score
Percentile by Number Answered
Your Score History
You have not taken this quiz